000 00399nam a2200157 4500
020 _a97800030953
082 _aM3
_bVAR/N
100 _aVarghese K C
245 _aNecropalace/
_cby Varghese K C
260 _aKottayam:
_bSahithya Pravarthaka Co-operative Society,
_c2017
300 _a320p.
650 _aNovel Malayalam
650 _aLiterature Malayalam
650 _aLiterature
942 _cBK
999 _c180141
_d180141